[Event "GER Seniors Derby 08th"]
[Site "Wesel Undeloh"]
[Date "2009.04.18"]
[Round "6.21"]
[White "Bortfeldt, Cornelius"]
[Black "Meinking, Karl Heinz"]
[Result "1-0"]
[WhiteElo "1631"]
[BlackElo "1515"]
[PlyCount "75"]
[EventDate "2009.04.16"]
[EventType "swiss"]
[EventRounds "7"]
[EventCountry "GER"]
[SourceTitle "EXT 2022"]
[Source "ChessBase"]
[SourceDate "2021.10.06"]
[SourceVersion "1"]
[SourceVersionDate "2021.10.06"]
[SourceQuality "1"]

1. e4 g6 2. d4 Bg7 3. Nc3 d6 4. Be2 Nd7 5. g4 e6 6. Be3 Ne7 7. Qd2 h6 8. 0-0-0 a6 9. f3 b5 10. Nh3 Bb7 11. Nf2 Nb6 12. f4 f5 13. Rhg1 fxe4 14. Ncxe4 Nbd5 15. Ng3 Qd7 16. Rde1 Nc6 17. c3 b4 18. Bd3 Nce7 19. Qc2 bxc3 20. bxc3 Nxe3 21. Bxg6+ Kd8 22. Rxe3 Nd5 23. Qe4 Nxe3 24. Qxb7 Qc8 25. Qe4 Nd5 26. Qf3 Rb8 27. Bc2 Qb7 28. Bb3 Rf8 29. f5 c6 30. Nfe4 Qc7 31. Qd1 Qa5 32. Qd3 Qa3+ 33. Kd2 Rxb3 34. axb3 Nf4 35. Qc2 Qa5 36. Nxd6 Kc7 37. Nc4 Bxd4 38. Nxa5 1-0

[Event "GER Seniors Derby 08th"]
[Site "Wesel Undeloh"]
[Date "2009.04.16"]
[Round "2.20"]
[White "Meinking, Karl Heinz"]
[Black "Hesse, Klaus Dieter"]
[Result "0-1"]
[WhiteElo "1515"]
[BlackElo "1633"]
[PlyCount "50"]
[EventDate "2009.04.16"]
[EventType "swiss"]
[EventRounds "7"]
[EventCountry "GER"]
[SourceTitle "EXT 2022"]
[Source "ChessBase"]
[SourceDate "2021.10.06"]
[SourceVersion "1"]
[SourceVersionDate "2021.10.06"]
[SourceQuality "1"]

1. Nf3 Nf6 2. g3 b6 3. Bg2 Bb7 4. c4 c5 5. b3 e6 6. Na3 d5 7. d3 d4 8. Nc2 Nc6 9. Bd2 Bd6 10. 0-0 Qc7 11. e3 dxe3 12. fxe3 0-0-0 13. Qe1 h5 14. e4 h4 15. e5 Nxe5 16. Nxe5 Bxg2 17. Kxg2 Bxe5 18. d4 cxd4 19. Rd1 hxg3 20. hxg3 Qc6+ 21. Rf3 Rh2+ 22. Kxh2 Qxf3 23. Bg5 Rh8+ 24. Bh4 Rxh4+ 25. Kg1 Rh1# 0-1